00860nam a22002537a 45000010005000000030006000050050017000110080041000280200018000690400029000870500012001160820015001281000035001432450088001782600038002663000045003044900026003495050008003755200109003835210021004925210020005136500034005337000039005674741FISKH20241217124229.0240927b cb ||||| |||| 00| 0 eng d a9780590446914 aFISKHbengcFISKHdFISKH aE185.T8 a305.567092 aMcKissack, Paricia C.eauthor  aSojourner Truth: Ain't I a Woman? /cby Patricia C.McKissack and Fredrick McKissack aNew York : bScholastic ;c1992 . a186 pages : billustrations ; c20 cm .  a Scholastic Biography aZ  aA biography of the former slave who became well-known as an abolitionist and advocate of women's rights.8 a960 bLexile 8 aZ bRaz-Plus  aAfrican Americanvnon-fiction aMcKissack, Fredrick eillustrator